Multimedia: (Record no. 3893)

MARC details
000 -LEADER
fixed length control field 00523cam a2200205ua 4500
001 - CONTROL NUMBER
control field 4074
005 - DATE AND TIME OF LATEST TRANSACTION
control field 20260515113757.0
008 - FIXED-LENGTH DATA ELEMENTS--GENERAL INFORMATION
fixed length control field 111220n ii |||gr||||Z||||||eng
020 ## - INTERNATIONAL STANDARD BOOK NUMBER
International Standard Book Number 978-0-07-063681-1
040 ## - CATALOGING SOURCE
Transcribing agency MAIN
082 ## - DEWEY DECIMAL CLASSIFICATION NUMBER
Classification number 005.4
100 ## - MAIN ENTRY--PERSONAL NAME
Personal name Vaughan, Tay,
245 11 - TITLE STATEMENT
Title Multimedia:
Remainder of title making it work /
Statement of responsibility, etc. by Tay Vaughan
250 ## - EDITION STATEMENT
Edition statement 7th.
260 ## - PUBLICATION, DISTRIBUTION, ETC.
Place of publication, distribution, etc. New Delhi:
Name of publisher, distributor, etc. Tata mcgraw hill education pvt. ltd.,
Date of publication, distribution, etc. 2010.
300 ## - PHYSICAL DESCRIPTION
Extent 514p:
Dimensions 25cm.
653 ## - INDEX TERM--UNCONTROLLED
Uncontrolled term Computer science
653 ## - INDEX TERM--UNCONTROLLED
Uncontrolled term Multimedia
942 ## - ADDED ENTRY ELEMENTS (KOHA)
Koha item type Books
Holdings
Withdrawn status Lost status Damaged status Not for loan Home library Current library Shelving location Date acquired Total checkouts Full call number Barcode Date last seen Copy number Price effective from Koha item type
        Naharkatiya College Library Naharkatiya College Library General stacks 09/19/2020   005.4 | VAU 20414 09/19/2020 1 09/19/2020 Books